Clash Royale Chests - Statistics

General Stats
  • This quiz has been taken 590 times
    581 since last reset
  • The average score is 10 of 18
Answer Stats
Hint Answer % Correct
Most common chest Silver
93%
Only a legendary Legendary
90%
Fairly rare chest, has at least like 25 rares Giant
83%
Only Epics Epic
82%
Same rarity as Giant Chest, Little sister of super magical Magical
81%
2nd most common chest Golden
78%
You get 5 strikes Lightning
75%
Has ten tiers, beat people to earn crowns to help your clan get to the top tier Clan
72%
Need 10 crowns Crown
70%
Training Camp exclusive Wooden
64%
Very rare chest, has a 50% chance of a legendary Super Magical
61%
12 wins and you will get the top prize Challenge
45%
4 card stacks guaranteed, you also get a daily "_______" Fortune
44%
Get them every four hours (old) ::::: now you only get them from quests Free
44%
How good it is depends on what league you are in Draft
19%
Team up with another clan member to get the tenth tier for this chest Clan Battle
4%
So far, the most insane chest that is available for purchase Royal King
2%
April Fool's Joke Ultra Magical
2%
No matching quizzes found
Score Distribution
Percent of People with Each Score
Percentile by Number Answered
Your Score History
You have not taken this quiz since the last reset